ESTADISTICA UNIVERSITARIA

Gardado en:
Detalles Bibliográficos
Autor Corporativo: UCR. FCE. IICE
Formato: Texto
Publicado: San José: Universidad de Costa Rica
Materias:
Etiquetas: Engadir etiqueta
Sen Etiquetas, Sexa o primeiro en etiquetar este rexistro!

MARC

LEADER 00000 a a2200000 04500
001 20434
003
040
090 |a 077200  
110 |a UCR. FCE. IICE  
245 |a ESTADISTICA UNIVERSITARIA  
260 |a San José:   |b Universidad de Costa Rica  
300 |a 210 p.  
650 |a Cuadros  
999 |c 12278  |d 12278